Państwa według odległości między dwoma największymi miastami - Statystyki

Ogólne statystyki
  • Ten quiz został rozwiązany 375 razy
  • Średni wynik to 13 z 20
Statystyki odpowiedzi
Największe miasto Drugie największe miasto Odległość km Państwo % Poprawnych
Nowy Jork Los Angeles 3935,74 Stany Zjednoczone
97%
Szanghaj Pekin 1068,26 Chiny
92%
Sydney Melbourne 714,94 Australia
86%
Mumbaj Delhi 1150,71 Indie
86%
Meksyk Tijuana 2294,31 Meksyk
84%
Johannesburg Kapsztad 1262,23 Republika Południowej Afryki
80%
Ałmaty Astana 972,83 Kazachstan
74%
Kinszasa Lubumbashi 1566,55 Demokratyczna Republika Konga
73%
Rijad Dżedda 845,00 Arabia Saudyjska
68%
Teheran Mashhad 735,82 Iran
68%
Paryż Marsylia 660,54 Francja
65%
Karaczi Lahaur 1034,72 Pakistan
62%
Lagos Kano 834,05 Nigeria
61%
Auckland Christchurch 764,62 Nowa Zelandia
58%
Lima Arequipa 764,82 Peru
55%
Ho Chi Minh Hanoi 1137,47 Wietnam
47%
Luanda Lubango 676,94 Angola
39%
Dar es Salaam Mwanza 850,66 Tanzania
39%
Hawana Santiago de Cuba 761,01 Kuba
15%
Weno Palikir 698,05 Mikronezja
15%
Nie znaleziono quizów pasujących do podanych kryteriów
Rozkład punktacji
Procent ludzi z każdym wynikiem
Percentyl według liczby udzielonych odpowiedzi
Twoja historia wyników
Nie rozwiązałeś tego quizu